00465 a2200169 4500001000700000020000600007040001100013100002300024240003800047245003300085362000900118440001500127697002500142942000700167952010200174999001900276174523 a  cMagnum aBueno, Maria Celia10aMarcela, pedrita, mae aflitalpor10aMarcela, pedrita, mae aflita0 a1899 1aDimensàƒo aI/AVENTURA, CRIANCAS cBK 00104070a32.5b32.5d2024-06-08l0oLI.00861pMAG00022505r2024-06-08 20:47:54w2024-06-08yBK c174523d174523